| 000 | 00449nam a2200193Ia 4500 | ||
|---|---|---|---|
| 008 | 170918s9999 xx 000 0 und d | ||
| 020 | _a9780545843492 | ||
| 050 | _bT944ci 2014 | ||
| 100 | _aTurner, Amber McRee | ||
| 245 | _aCirca now / | ||
| 245 | _cby Amber McRee Turner. | ||
| 260 | _aNew York : | ||
| 260 | _bScholastic, | ||
| 260 | _c2014 | ||
| 300 | _a276 pages : | ||
| 300 | _billustrations ; | ||
| 300 | _c19cm. | ||
| 500 | _a850 | ||
| 999 |
_c343775 _d343775 |
||